[Event "NOR-ch"]
[Site "Bergen"]
[Date "2025.07.11"]
[Round "8"]
[White "Haug, Havard"]
[Black "Westrum, Kim Roger Hansen"]
[Result "1-0"]
[WhiteElo "2371"]
[BlackElo "2179"]
[PlyCount "91"]
[EventDate "2025.07.04"]
[EventType "swiss"]
[EventRounds "9"]
[EventCountry "NOR"]
[SourceTitle "CB29_2025"]
[SourceDate "2025.07.16"]
[SourceVersion "1"]
[SourceVersionDate "2025.07.16"]
[SourceQuality "1"]

1. d4 Nf6 2. Bg5 c5 3. Bxf6 gxf6 4. c3 Qb6 5. Qd2 d5 6. Nf3 Nc6 7. e3 Bf5 8. g3 Be4 9. Bg2 cxd4 10. exd4 Qa6 11. Nh4 Bxb1 12. Rxb1 Qxa2 13. 0-0 e6 14. Qf4 Be7 15. Rfe1 0-0-0 16. b4 b5 17. Bf1 Qa6 18. Ra1 Qb6 19. Ra2 f5 20. Nf3 Bd6 21. Qd2 a6 22. Rea1 Nb8 23. Ne1 h5 24. Nd3 h4 25. Nc5 Bxc5 26. bxc5 Qc7 27. Rxa6 Nxa6 28. Rxa6 hxg3 29. hxg3 Rdg8 30. Bg2 Kd7 31. Qa2 Rb8 32. Bxd5 exd5 33. Ra7 Rb7 34. Qxd5+ Kc8 35. Ra8+ Rb8 36. Qxf5+ Kb7 37. Qe4+ Kc8 38. Ra6 Kd7 39. Rd6+ Qxd6 40. cxd6 Kxd6 41. Qf4+ Ke6 42. Qe5+ Kd7 43. Qf6 Rhf8 44. g4 Rbc8 45. Qf5+ Kc6 46. Qc5+ 1-0

[Event "NOR-ch"]
[Site "Bergen"]
[Date "2025.07.08"]
[Round "5"]
[White "Kaewpitakkun, Pantham"]
[Black "Haug, Havard"]
[Result "0-1"]
[WhiteElo "2067"]
[BlackElo "2371"]
[PlyCount "116"]
[EventDate "2025.07.04"]
[EventType "swiss"]
[EventRounds "9"]
[EventCountry "NOR"]
[SourceTitle "CB29_2025"]
[SourceDate "2025.07.16"]
[SourceVersion "1"]
[SourceVersionDate "2025.07.16"]
[SourceQuality "1"]

1. e4 c6 2. Nf3 d5 3. Nc3 Bg4 4. h3 Bxf3 5. Qxf3 e6 6. Be2 Nf6 7. 0-0 Bc5 8. Rd1 Bd4 9. exd5 cxd5 10. Nb5 Bb6 11. d4 0-0 12. Bf4 Nc6 13. c3 a6 14. Na3 Bc7 15. Nc2 Rb8 16. Ne1 Ne4 17. Nd3 b5 18. a3 a5 19. Bxc7 Qxc7 20. Rac1 a4 21. Nb4 Qd6 22. Nxc6 Qxc6 23. Bd3 Nd6 24. Rc2 Rbe8 25. Re2 Qd7 26. Rde1 Qd8 27. Qg3 Nc4 28. Qf4 Qf6 29. Qxf6 gxf6 30. f4 Re7 31. g4 Kg7 32. Kf2 Rfe8 33. Kg3 Nd6 34. Kf3 h5 35. Rg1 Rh8 36. gxh5+ Kf8 37. Reg2 Re8 38. Kg4 Ke7 39. Kf3 Rxh5 40. Rg3 Rh4 41. Bf1 Ne4 42. Rg4 Reh8 43. Rxh4 Rxh4 44. Rg8 Rh6 45. Ke3 Nd6 46. Kf2 Rh7 47. Kf3 Rh4 48. Rb8 Rh7 49. Rg8 f5 50. Kf2 Ne4+ 51. Ke3 Kf6 52. Bg2 Nd6 53. Kf3 Nc4 54. Rb8 Nxb2 55. Rxb5 Nc4 56. Rb4 Nxa3 57. Rxa4 Nb1 58. c4 Nd2+ 0-1

[Event "Titled Tuesday intern op 25th Mar Early"]
[Site "Chess.com INT"]
[Date "2025.03.25"]
[Round "11"]
[White "Parpiev, Isaak"]
[Black "Haug, Havard"]
[Result "1-0"]
[WhiteElo "2341"]
[BlackElo "2338"]
[PlyCount "115"]
[EventDate "2025.03.25"]
[EventType "swiss (blitz)"]
[EventRounds "11"]
[EventCountry "USA"]
[SourceTitle "CB14_2025"]
[SourceDate "2024.11.01"]
[SourceVersion "1"]
[SourceVersionDate "2024.11.01"]
[SourceQuality "1"]

1. d4 g6 2. e4 Bg7 3. c4 c6 4. Nc3 d5 5. cxd5 cxd5 6. e5 Nc6 7. Nf3 Bg4 8. Be2 e6 9. Be3 Nge7 10. 0-0 Bxf3 11. Bxf3 0-0 12. Rb1 Nf5 13. b4 Rc8 14. Qd3 a6 15. Na4 a5 16. a3 axb4 17. axb4 Ra8 18. Nc5 Qe7 19. Rfc1 Ra2 20. b5 Na5 21. b6 h5 22. Ra1 Rxa1 23. Rxa1 Nc4 24. Ra7 Nfxe3 25. fxe3 Bh6 26. Rxb7 Bxe3+ 27. Kh1 Qg5 28. Nd7 Rd8 29. Nf6+ Kg7 30. g3 h4 31. Kg2 hxg3 32. hxg3 Bf4 33. Ng4 Ne3+ 34. Nxe3 Bxe3 35. Rc7 Rb8 36. b7 Bc1 37. Be2 Qe3 38. Qxe3 Bxe3 39. Bg4 Bxd4 40. Bxe6 Kh6 41. Bxd5 Bxe5 42. Rxf7 Rd8 43. Be4 Rd2+ 44. Kf3 Rb2 45. Re7 Rb3+ 46. Ke2 Bxg3 47. Re6 Kg5 48. Rxg6+ Kf4 49. Bc6 Rb2+ 50. Kd3 Bh2 51. Rg2 Rxg2 52. b8Q+ Kg4 53. Qg8+ Kh4 54. Bxg2 Bg3 55. Bf3 Kh3 56. Qg4+ Kh2 57. Ke2 Bf2 58. Qg2# 1-0

[Event "Titled Tuesday intern op 25th Mar Early"]
[Site "Chess.com INT"]
[Date "2025.03.25"]
[Round "6"]
[White "Rosen, Eric S"]
[Black "Haug, Havard"]
[Result "0-1"]
[WhiteElo "2377"]
[BlackElo "2338"]
[PlyCount "124"]
[EventDate "2025.03.25"]
[EventType "swiss (blitz)"]
[EventRounds "11"]
[EventCountry "USA"]
[SourceTitle "CB14_2025"]
[SourceDate "2024.11.01"]
[SourceVersion "1"]
[SourceVersionDate "2024.11.01"]
[SourceQuality "1"]

1. d4 d5 2. Bf4 c5 3. Nc3 Nf6 4. e4 Nxe4 5. Nxe4 dxe4 6. dxc5 Qa5+ 7. c3 Qxc5 8. Qa4+ Nc6 9. Qxe4 Bf5 10. Qc4 e5 11. Be3 Qxc4 12. Bxc4 f6 13. Ne2 0-0-0 14. 0-0 Bd3 15. Bxd3 Rxd3 16. Rfd1 Rxd1+ 17. Rxd1 Be7 18. Ng3 g6 19. Ne4 Rd8 20. Rxd8+ Kxd8 21. f3 f5 22. Nd2 Kd7 23. Kf1 Ke6 24. Ke2 a6 25. Kd3 h5 26. a4 g5 27. h3 Bd8 28. g4 e4+ 29. fxe4 fxg4 30. hxg4 Ne5+ 31. Ke2 Nxg4 32. Bd4 Ne5 33. Nf1 g4 34. Ne3 Bg5 35. Nf5 Bf6 36. Bf2 Nc4 37. b3 Nd6 38. Nxd6 Kxd6 39. Bg3+ Be5 40. Be1 Bf6 41. Bg3+ Ke6 42. c4 h4 43. Bf4 Be5 44. Bg5 h3 45. Kf2 g3+ 46. Kf3 g2 47. Be3 Bh2 48. Kg4 g1Q+ 49. Bxg1 Bxg1 50. Kxh3 Ke5 51. Kg2 Bc5 52. Kf3 a5 53. Ke2 Kxe4 54. Kd2 Bb4+ 55. Kc2 Kd4 56. Kb2 Kd3 57. Ka2 Kc2 58. c5 Bxc5 59. b4 axb4 60. a5 Bd4 61. a6 Bb2 62. axb7 b3# 0-1

[Event "Titled Tuesday intern op 11th Mar Early"]
[Site "Chess.com INT"]
[Date "2025.03.11"]
[Round "10"]
[White "Rasulov, Vugar Ural Oglu"]
[Black "Haug, Havard"]
[Result "1-0"]
[WhiteElo "2505"]
[BlackElo "2338"]
[PlyCount "89"]
[EventDate "2025.03.11"]
[EventType "swiss (blitz)"]
[EventRounds "11"]
[EventCountry "USA"]
[SourceTitle "CB12_2025"]
[SourceDate "2025.03.19"]
[SourceVersion "1"]
[SourceVersionDate "2025.03.19"]
[SourceQuality "1"]

1. b3 Nf6 2. Bb2 g6 3. e4 Bg7 4. e5 Nd5 5. Bc4 Nb6 6. Nf3 Nxc4 7. bxc4 d6 8. 0-0 0-0 9. Re1 Bg4 10. exd6 exd6 11. Bxg7 Kxg7 12. Nc3 Nc6 13. h3 Be6 14. d3 Re8 15. Qd2 Ne7 16. Ne4 Nf5 17. Qc3+ f6 18. g4 Nh6 19. Re3 Nf7 20. g5 Ne5 21. gxf6+ Kg8 22. Nxe5 dxe5 23. Qxe5 Bf5 24. Qd5+ Qxd5 25. cxd5 Kf7 26. Ng5+ Kxf6 27. Nxh7+ Kg7 28. Ng5 Kf6 29. Ne4+ Ke5 30. Rae1 Rh8 31. Nc3+ Kd6 32. Nb5+ Kc5 33. Nxc7 Rac8 34. Ne6+ Kxd5 35. c4+ Kd6 36. Ng5 Kc5 37. Re7 b6 38. Ne4+ Kd4 39. Re3 Bxe4 40. R7xe4+ Kc5 41. Kg2 Rcd8 42. Rg4 Rd6 43. a3 Kc6 44. h4 Rh6 45. d4 1-0

[Event "Titled Tuesday intern op 25th Feb Early"]
[Site "Chess.com INT"]
[Date "2025.02.25"]
[Round "3"]
[White "Haug, Havard"]
[Black "Lie, Espen"]
[Result "1-0"]
[WhiteElo "2340"]
[BlackElo "2457"]
[PlyCount "83"]
[EventDate "2025.02.25"]
[EventType "swiss (blitz)"]
[EventRounds "11"]
[EventCountry "USA"]
[SourceTitle "CB10_2025"]
[SourceDate "2025.03.05"]
[SourceVersion "1"]
[SourceVersionDate "2025.03.05"]
[SourceQuality "1"]

1. d4 g6 2. e4 Bg7 3. Nc3 d6 4. Bc4 Nf6 5. Qe2 0-0 6. e5 Ne8 7. e6 fxe6 8. Bxe6+ Bxe6 9. Qxe6+ Kh8 10. Nf3 Nc6 11. Be3 Qc8 12. Ng5 Qxe6 13. Nxe6 Rf6 14. d5 Nd8 15. Ne4 Rxe6 16. dxe6 Bxb2 17. Rb1 Bf6 18. h4 b6 19. h5 gxh5 20. Rxh5 Ng7 21. Rh3 Ndxe6 22. Ke2 d5 23. Nxf6 exf6 24. Rbh1 Nf8 25. Bd4 Re8+ 26. Kd3 Re6 27. Rh6 Kg8 28. Rxf6 Re4 29. f3 Re7 30. Rfh6 c5 31. Bxg7 Rxg7 32. g4 Ng6 33. Ke3 Re7+ 34. Kf2 Nf4 35. Rf6 Ng6 36. Rd6 d4 37. Re1 Rf7 38. Kg3 Kg7 39. Re4 Rb7 40. f4 Rf7 41. f5 Ne7 42. Rxe7 1-0

[Event "Titled Tuesday intern op 25th Feb Early"]
[Site "Chess.com INT"]
[Date "2025.02.25"]
[Round "9"]
[White "Haug, Havard"]
[Black "Narayanan, Sunilduth Lyna"]
[Result "0-1"]
[WhiteElo "2340"]
[BlackElo "2622"]
[PlyCount "120"]
[EventDate "2025.02.25"]
[EventType "swiss (blitz)"]
[EventRounds "11"]
[EventCountry "USA"]
[SourceTitle "CB10_2025"]
[SourceDate "2025.03.05"]
[SourceVersion "1"]
[SourceVersionDate "2025.03.05"]
[SourceQuality "1"]

1. d4 Nf6 2. Bg5 e6 3. e4 d6 4. Nd2 h6 5. Bxf6 Qxf6 6. Ngf3 Nc6 7. c3 Bd7 8. Bd3 g5 9. h3 h5 10. d5 Ne5 11. Nxe5 Qxe5 12. Nf3 Qf6 13. dxe6 fxe6 14. e5 Qg7 15. Qd2 0-0-0 16. Qxg5 Qf7 17. Bg6 Qg8 18. Bd3 Bg7 19. exd6 cxd6 20. Bb5 e5 21. Bxd7+ Rxd7 22. Qf5 Qc4 23. Qc2 Rf8 24. Nd2 Qf7 25. 0-0-0 Qxa2 26. Qg6 Rxf2 27. Rhf1 Qf7 28. Qxf7 Rdxf7 29. Rxf2 Rxf2 30. Ne4 Rxg2 31. Nxd6+ Kb8 32. Nf5 Kc7 33. Rf1 Bf6 34. Kb1 Bg5 35. Ng7 e4 36. Nf5 e3 37. Re1 Rh2 38. Nxe3 Rxh3 39. Nc4 h4 40. Re5 Rg3 41. Re8 h3 42. Rh8 Bf4 43. Rh7+ Kd8 44. Rh4 h2 45. Ka2 Rg1 46. Na5 h1Q 47. Rxh1 Rxh1 48. Nxb7+ Kc7 49. Nc5 Bd6 50. Ne6+ Kb6 51. Nd4 a5 52. Nf5 Bc5 53. Ng3 Re1 54. Nf5 a4 55. Ng3 Kb5 56. Nf5 Re2 57. Ng3 Rg2 58. Nf5 a3 59. c4+ Kxc4 60. Ne3+ Bxe3 0-1

[Event "Titled Tuesday intern op 25th Feb Early"]
[Site "Chess.com INT"]
[Date "2025.02.25"]
[Round "2"]
[White "Punin, Andrii"]
[Black "Haug, Havard"]
[Result "0-1"]
[WhiteElo "2289"]
[BlackElo "2340"]
[PlyCount "94"]
[EventDate "2025.02.25"]
[EventType "swiss (blitz)"]
[EventRounds "11"]
[EventCountry "USA"]
[SourceTitle "CB10_2025"]
[SourceDate "2025.03.05"]
[SourceVersion "1"]
[SourceVersionDate "2025.03.05"]
[SourceQuality "1"]

1. e4 g6 2. d4 Bg7 3. Nf3 c6 4. h3 d5 5. Nbd2 dxe4 6. Nxe4 Nf6 7. Nxf6+ exf6 8. Bd3 0-0 9. 0-0 Be6 10. c4 Nd7 11. Re1 a6 12. Bf4 b5 13. Bd6 Re8 14. c5 Bf8 15. Bxf8 Nxf8 16. Be4 Bd5 17. Bxd5 Qxd5 18. Qd2 Rxe1+ 19. Qxe1 Ne6 20. Qe3 Rd8 21. Kh1 Qc4 22. b3 Qc2 23. a4 Qb2 24. Rd1 Qc2 25. Rc1 Qb2 26. Rd1 Kg7 27. h4 h5 28. axb5 axb5 29. Kg1 Qc2 30. Rc1 Qb2 31. Rd1 Rd5 32. g3 Qc2 33. Rc1 Qb2 34. Rd1 Rf5 35. Kg2 Nc7 36. Rd2 Qb1 37. Qd3 Qa1 38. Re2 Nd5 39. Re8 Rf4 40. Rd8 Rg4 41. Kh2 Qb2 42. Kg1 Nf4 43. Qe3 Qb1+ 44. Ne1 Nh3+ 45. Kg2 Re4 46. Qd2 Rxe1 47. Kxh3 Qe4 0-1

[Event "Titled Tuesday intern op 11th Feb Early"]
[Site "Chess.com INT"]
[Date "2025.02.11"]
[Round "7"]
[White "Haug, Havard"]
[Black "Korchmar, Vasiliy"]
[Result "1-0"]
[WhiteElo "2340"]
[BlackElo "2429"]
[PlyCount "73"]
[EventDate "2025.02.11"]
[EventType "swiss (blitz)"]
[EventRounds "11"]
[EventCountry "USA"]
[SourceTitle "CB09_2025"]
[SourceDate "2025.02.27"]
[SourceVersion "1"]
[SourceVersionDate "2025.02.27"]
[SourceQuality "1"]

1. d4 Nf6 2. Bg5 Ne4 3. h4 d5 4. Nd2 Nd6 5. Bf4 Bf5 6. e3 h5 7. Bd3 e6 8. Ngf3 c6 9. Bxd6 Bxd6 10. e4 dxe4 11. Bxe4 Bg4 12. Qe2 Qa5 13. c3 Bf4 14. Nc4 Qc7 15. Ne3 Nd7 16. 0-0-0 c5 17. d5 Nf6 18. Qb5+ Kf8 19. d6 Qb6 20. Qxb6 axb6 21. Bxb7 Rxa2 22. Kb1 Ra7 23. Bc6 Bxe3 24. fxe3 Bf5+ 25. Kc1 Ra1+ 26. Kd2 Ra2 27. Ra1 Rxb2+ 28. Kc1 Rc2+ 29. Kd1 Kg8 30. e4 Rxc3 31. Ra8+ Kh7 32. Ng5+ Kg6 33. exf5+ exf5 34. Rxh8 Rd3+ 35. Ke2 Rxd6 36. Bf3 c4 37. Rd1 1-0

[Event "Titled Tuesday intern op 11th Feb Early"]
[Site "Chess.com INT"]
[Date "2025.02.11"]
[Round "3"]
[White "Haug, Havard"]
[Black "Paduano, Claudio"]
[Result "1/2-1/2"]
[WhiteElo "2340"]
[BlackElo "2256"]
[PlyCount "296"]
[EventDate "2025.02.11"]
[EventType "swiss (blitz)"]
[EventRounds "11"]
[EventCountry "USA"]
[SourceTitle "CB09_2025"]
[SourceDate "2025.02.27"]
[SourceVersion "1"]
[SourceVersionDate "2025.02.27"]
[SourceQuality "1"]

1. e4 c5 2. c3 Nf6 3. e5 Nd5 4. Nf3 Nc6 5. d4 cxd4 6. cxd4 d6 7. Bc4 e6 8. 0-0 Be7 9. Qe2 0-0 10. Qe4 Qc7 11. Bd3 f5 12. exf6 Nxf6 13. Qe2 Nb4 14. Nc3 Nxd3 15. Qxd3 Bd7 16. Re1 Rae8 17. Bf4 Nh5 18. Bg3 Nxg3 19. hxg3 Bf6 20. Re2 a6 21. Rae1 b5 22. d5 Bxc3 23. bxc3 e5 24. Ng5 Bf5 25. Qe3 h6 26. Nf3 Qc4 27. Rd2 a5 28. Qb6 Qxc3 29. Qxd6 e4 30. Re3 Qc1+ 31. Re1 Qc3 32. Rde2 Rd8 33. Qe5 Qxe5 34. Nxe5 Rxd5 35. Nc6 Re8 36. Nxa5 Bg4 37. Rxe4 Rxe4 38. Rxe4 Rd1+ 39. Kh2 Bf5 40. Re5 Bd3 41. Rd5 Kf7 42. Nb3 Be2 43. Rxd1 Bxd1 44. Nd4 b4 45. Nc6 b3 46. axb3 Bxb3 47. Ne5+ Kf6 48. Nf3 Bd5 49. Nd2 g5 50. Nf1 h5 51. Ne3 Be6 52. Kg1 Ke5 53. f3 Kd4 54. Kf2 Kd3 55. Nd1 Kc2 56. Ne3+ Kd3 57. Nf1 Bd5 58. Nh2 Be6 59. g4 hxg4 60. fxg4 Ke4 61. Kg3 Ke5 62. Nf1 Kf6 63. Ne3 Bd7 64. Kf3 Bc6+ 65. Ke2 Ke5 66. Kf2 Kf4 67. g3+ Ke4 68. Nf1 Bd7 69. Nd2+ Ke5 70. Kf3 Bc6+ 71. Ke3 Bd7 72. Nf3+ Kf6 73. Nh2 Ke5 74. Kf2 Be6 75. Kg2 Bd7 76. Kh3 Ke4 77. Kg2 Ke3 78. Kg1 Be6 79. Kf1 Ke4 80. Kg2 Ke3 81. Kf1 Bd7 82. Kg1 Ke2 83. Kg2 Be6 84. Kg1 Bd7 85. Kg2 Bc6+ 86. Kg1 Bd5 87. Nf1 Be6 88. Kg2 Bd5+ 89. Kg1 Be4 90. Nh2 Ke1 91. Nf1 Bd3 92. Ne3 Ke2 93. Nd5 Kf3 94. Kh2 Kxg4 95. Nf6+ Kf3 96. Nd7 Bf5 97. Ne5+ Kf2 98. Nf7 g4 99. Nd6 Be6 100. Ne4+ Ke3 101. Ng5 Bf5 102. Nf7 Be6 103. Nd6 Bd5 104. Ne8 Kf2 105. Nf6 Bf3 106. Nh5 Ke3 107. Nf4 Kf2 108. Nd3+ Ke2 109. Ne5 Ke3 110. Kg1 Ke2 111. Ng6 Ke3 112. Kf1 Be2+ 113. Kg2 Bf3+ 114. Kg1 Be4 115. Ne5 Bf5 116. Kg2 Be6 117. Ng6 Bd7 118. Kh2 Bf5 119. Nf4 Kf2 120. Nd5 Be4 121. Nc3 Bf3 122. Nb5 Ke3 123. Nd6 Kd4 124. Kg1 Kd5 125. Nf7 Kd4 126. Kf2 Ke4 127. Ng5+ Kf5 128. Nf7 Kf6 129. Nd6 Ke6 130. Nb5 Kd5 131. Ke3 Ke5 132. Nc3 Kf5 133. Kd4 Kg5 134. Ke5 Bc6 135. Ne2 Bb7 136. Nf4 Bc8 137. Nd5 Bd7 138. Nf6 Bc8 139. Ne4+ Kg6 140. Kf4 Bd7 141. Nc5 Bc8 142. Ne4 Bf5 143. Nd6 Bd7 144. Nb7 Bc8 145. Nc5 Bf5 146. Nb3 Be6 147. Nd4 Bd7 148. Nc2 Bc8 1/2-1/2

[Event "Titled Tuesday intern op 11th Feb Early"]
[Site "Chess.com INT"]
[Date "2025.02.11"]
[Round "8"]
[White "Haug, Havard"]
[Black "Popov, Konstantin"]
[Result "1/2-1/2"]
[WhiteElo "2340"]
[BlackElo "2376"]
[PlyCount "307"]
[EventDate "2025.02.11"]
[EventType "swiss (blitz)"]
[EventRounds "11"]
[EventCountry "USA"]
[SourceTitle "CB09_2025"]
[SourceDate "2025.02.27"]
[SourceVersion "1"]
[SourceVersionDate "2025.02.27"]
[SourceQuality "1"]

1. e4 c6 2. d4 d5 3. Nd2 dxe4 4. Nxe4 Bf5 5. Ng5 e6 6. N1f3 Nd7 7. Bd3 Bxd3 8. Qxd3 Ngf6 9. 0-0 Bd6 10. Ne4 Be7 11. Bg5 0-0 12. Bxf6 Nxf6 13. Nxf6+ Bxf6 14. c3 Qb6 15. Rab1 Rfd8 16. Qe3 Rd5 17. Nd2 Rad8 18. Ne4 Be7 19. g3 e5 20. Rfe1 h6 21. dxe5 Rxe5 22. Qxb6 axb6 23. f4 Red5 24. Re2 b5 25. Kg2 f5 26. Nf2 Kf7 27. b3 Rd2 28. Rbe1 Bf6 29. c4 b4 30. Kf1 R8d4 31. Rxd2 Rxd2 32. Re2 Rd7 33. Kg2 Bc3 34. h3 g6 35. Kf3 Kf6 36. g4 Rd8 37. h4 h5 38. gxh5 gxh5 39. Nh1 Rd3+ 40. Re3 Rxe3+ 41. Kxe3 Be1 42. Nf2 Ke6 43. Nd3 Bxh4 44. Nc5+ Kf7 45. Nxb7 Be7 46. Kf3 Ke6 47. c5 Kd5 48. Kg3 Bxc5 49. Kh4 Be3 50. Kxh5 Ke4 51. Nd6+ Kxf4 52. Kg6 Ke5 53. Nxf5 Bc5 54. Ng3 Kd4 55. Kf5 Bd6 56. Ne4 Bh2 57. Ng5 Kc3 58. Ke4 Kb2 59. Kd3 Kxa2 60. Kc4 Ka3 61. Ne4 Bg1 62. Nd2 c5 63. Nf3 Bf2 64. Ne5 Bg1 65. Nd7 Ka2 66. Nb6 Kb2 67. Nd5 Ka3 68. Nf4 Bf2 69. Nd3 Bg1 70. Ne1 Bf2 71. Ng2 Bg1 72. Nh4 Bf2 73. Nf5 Ka2 74. Nd6 Bg1 75. Ne4 Bd4 76. Nd2 Bg1 77. Nf3 Bf2 78. Ne5 Be3 79. Nd3 Bg1 80. Nf4 Bf2 81. Ne6 Bg1 82. Nc7 Bf2 83. Nb5 Bg1 84. Nd6 Bf2 85. Nf7 Bg1 86. Ne5 Bf2 87. Nd3 Bg1 88. Nc1+ Ka3 89. Ne2 Bf2 90. Nf4 Ka2 91. Nd5 Bg1 92. Ne7 Bf2 93. Nc6 Bg1 94. Na5 Bf2 95. Kd3 Bg1 96. Kc2 Ka3 97. Nc4+ Ka2 98. Nd2 Bh2 99. Nf3 c4 100. Nd2 cxb3+ 101. Nxb3 Be5 102. Na5 Bd4 103. Nb3 Bb6 104. Nd2 Be3 105. Nb3 Ka3 106. Na5 Ka4 107. Nb3 Ka3 108. Na5 Bd4 109. Kb1 Ka4 110. Nc6 Bc3 111. Ne7 Kb3 112. Nd5 Kc4 113. Nf4 Bd2 114. Ne2 Kd3 115. Ng3 b3 116. Kb2 Bc1+ 117. Kxc1 b2+ 118. Kb1 Kd2 119. Nh5 Kc3 120. Nf6 Kd4 121. Ne8 Ke5 122. Nc7 Kd6 123. Na6 Kd5 124. Nb4+ Kc4 125. Nc2 Kd3 126. Ne1+ Kc3 127. Ng2 Kd2 128. Nh4 Ke3 129. Ng6 Ke4 130. Nf8 Kd5 131. Nd7 Kc4 132. Nb6+ Kb5 133. Nd5 Kc6 134. Ne3 Kd6 135. Nd1 Ke5 136. Kc2 Ke4 137. Nc3+ Kf4 138. Nb1 Kf5 139. Kd3 Ke6 140. Ke4 Kd6 141. Kf5 Kc6 142. Kg6 Kb5 143. Kh7 Kb4 144. Kh8 Kb3 145. Kg7 Kc2 146. Na3+ Kb3 147. Nb1 Ka2 148. Nd2 Ka3 149. Kf6 Kb4 150. Nb1 Kb3 151. Ke5 Kc2 152. Na3+ Kc1 153. Kd4 b1Q 154. Nxb1 1/2-1/2